[Event "23rd ETCC Open 2021"]
[Site "Catez"]
[Date "2021.11.16"]
[Round "5.62"]
[White "Docx, Stefan"]
[Black "Uruci, Endrit"]
[Result "0-1"]
[WhiteElo "2432"]
[BlackElo "2322"]
[Annotator "NA"]
[PlyCount "110"]
[EventDate "2021.11.08"]
[EventType "team-tourn"]
[EventCountry "SLO"]
[SourceTitle "playchess.com"]
[Source "ChessBase"]
[SourceQuality "1"]
[WhiteTeam "Belgium"]
[BlackTeam "Kosovo"]
[WhiteTeamCountry "BEL"]
[BlackTeamCountry "KOS"]
[TimeControl "40/5400+30:1800+30"]

1. d4 Nf6 2. c4 c6 3. Nc3 d5 4. e3 g6 5. Nf3 Bg7 6. Be2 O-O 7. O-O b6 8. b4
dxc4 9. Bxc4 Nd5 10. Qb3 Nxc3 11. Qxc3 Bb7 12. Bb2 c5 13. bxc5 Bxf3 14. gxf3
bxc5 15. Rfd1 cxd4 16. Qc2 e6 17. Bxd4 Qg5+ 18. Kh1 Bxd4 19. Rxd4 Nc6 20. Rg4
Qf6 21. Rd1 Qxf3+ 22. Rg2 Nb4 23. Qe2 Qxe2 24. Bxe2 Nxa2 25. Ra1 Nb4 26. Bf3
Nd5 27. Bxd5 exd5 28. Rg4 Rfd8 29. Rga4 Rd7 30. Kg2 Kf8 31. Kf3 Ke7 32. Ra6 Kd8
33. Kf4 Kc8 34. Ke5 Kb7 35. Kd4 h6 36. R1a2 Re7 37. Kxd5 Rd8+ 38. Rd6 Rxd6+ 39.
Kxd6 Re6+ 40. Kd5 Ra6 41. Rc2 Rb6 42. Ra2 g5 43. h3 Rb5+ 44. Kd6 Kb6 45. e4 a5
46. e5 Rb3 47. Ke7 Rf3 48. Rd2 a4 49. Rd6+ Kb5 50. Rxh6 a3 51. Rh8 a2 52. Ra8
Rxf2 53. e6 fxe6 54. Kxe6 Kc4 55. Ke5 Kb3 0-1

[Event "23rd ETCC Open 2021"]
[Site "Catez"]
[Date "2021.11.16"]
[Round "5.63"]
[White "Makolli, Perparim"]
[Black "Verstraeten, Rein"]
[Result "1/2-1/2"]
[WhiteElo "2245"]
[BlackElo "2386"]
[Annotator "NA"]
[PlyCount "50"]
[EventDate "2021.11.08"]
[EventType "team-tourn"]
[EventCountry "SLO"]
[SourceTitle "playchess.com"]
[Source "ChessBase"]
[SourceQuality "1"]
[WhiteTeam "Kosovo"]
[BlackTeam "Belgium"]
[WhiteTeamCountry "KOS"]
[BlackTeamCountry "BEL"]
[TimeControl "40/5400+30:1800+30"]

1. e4 c5 2. Nf3 d6 3. d4 Nf6 4. Nc3 cxd4 5. Nxd4 a6 6. Bg5 e6 7. f4 Nbd7 8. Qf3
Qc7 9. O-O-O b5 10. e5 Bb7 11. Qh3 dxe5 12. Nxe6 fxe6 13. Qxe6+ Be7 14. Bxb5
axb5 15. Nxb5 Qc6 16. Nd6+ Kd8 17. fxe5 Kc7 18. Bxf6 gxf6 19. Qxe7 Rxa2 20.
Nxb7 Ra1+ 21. Kd2 Qxg2+ 22. Ke3 Qg5+ 23. Ke2 Qg2+ 24. Ke3 Qg5+ 25. Ke2 Qg2+
1/2-1/2

[Event "23rd ETCC Open 2021"]
[Site "Catez"]
[Date "2021.11.16"]
[Round "5.64"]
[White "Hovhannisyan, Mher"]
[Black "Saraci, Korab"]
[Result "1-0"]
[WhiteElo "2419"]
[BlackElo "2149"]
[Annotator "NA"]
[PlyCount "47"]
[EventDate "2021.11.08"]
[EventType "team-tourn"]
[EventCountry "SLO"]
[SourceTitle "playchess.com"]
[Source "ChessBase"]
[SourceQuality "1"]
[WhiteTeam "Belgium"]
[BlackTeam "Kosovo"]
[WhiteTeamCountry "BEL"]
[BlackTeamCountry "KOS"]
[TimeControl "40/5400+30:1800+30"]

1. d4 Nf6 2. Nf3 d5 3. c4 e6 4. e3 Be7 5. Bd3 O-O 6. O-O Nbd7 7. Nc3 c6 8. b3
Re8 9. Bb2 b6 10. Qe2 Bd6 11. Rfd1 Qe7 12. e4 e5 13. cxd5 cxd5 14. Bb5 exd4 15.
Nxd4 Qe5 16. Nf3 Qh5 17. Nxd5 Rxe4 18. Nxf6+ Nxf6 19. Qd3 Bb7 20. Qxd6 Qxb5 21.
Bxf6 Re6 22. Qd8+ Re8 23. Qc7 Bxf3 24. Qg3 1-0

[Event "23rd ETCC Open 2021"]
[Site "Catez"]
[Date "2021.11.16"]
[Round "5.65"]
[White "Grandelius, Nils"]
[Black "Djukic, Nikola"]
[Result "1/2-1/2"]
[WhiteElo "2669"]
[BlackElo "2519"]
[Annotator "TA"]
[PlyCount "103"]
[EventDate "2021.11.08"]
[EventType "team-tourn"]
[EventCountry "SLO"]
[SourceTitle "playchess.com"]
[Source "ChessBase"]
[SourceQuality "1"]
[WhiteTeam "Sweden"]
[BlackTeam "Montenegro"]
[WhiteTeamCountry "SWE"]
[BlackTeamCountry "MNE"]

{[%evp 19,103,0,0,0,0,0,0,0,0,0,28,-20,-17,-20,-8,-2,0,0,0,0,0,0,0,-11,-6,-37,
-31,-29,-37,-27,-27,-46,-35,-78,-80,-82,-78,-79,-79,-83,-80,-85,-79,-128,-72,
-74,-73,-77,-77,-77,-78,-77,-77,-100,-99,-108,-75,-168,-96,-220,-199,-343,-142,
-128,0,-318,-112,-107,-107,-106,-100,-117,-73,-60,-62,-47,0,0,0,0,0,0,0,0,0,0]
} 1. d4 Nf6 2. Nf3 g6 3. Bg5 Bg7 4. Nbd2 O-O 5. c3 d6 6. e4 c5 7. dxc5 dxc5 8.
Be2 Nc6 9. O-O Qc7 10. Qc2 h6 {10...b6 deserves study.} 11. Bh4 {A48: 1 d4 Nf6
2 Nf3 g6: Torre, London and Colle Systems.} Nh5 12. Nc4 b6 13. Rfe1 Bb7 14. a4
g5 15. Bg3 Nxg3 16. hxg3 {[#]} e6 $5 $146 {[%mdl 8] An interesting novelty.} ({
Predecessor:} 16... Rfd8 17. Nfd2 Rab8 18. Na3 e6 19. Ndc4 Ba8 20. Rad1 Rxd1
21. Rxd1 Rd8 22. Nb5 Qe7 {1/2-1/2 (42) Kovalenko,I (2615)-Yilmazyerli,M (2428)
Cesme 2014}) 17. a5 Nxa5 (17... b5 {is interesting.} 18. a6 Bc8 19. Na3 b4 20.
Nb5 Qb6) 18. Nxa5 bxa5 19. Nd2 Rab8 20. Nc4 Ba6 21. Ra3 Bb5 22. b3 a4 23. bxa4
Bxc4 24. Bxc4 Rfd8 25. Qe2 Qd6 26. Rc1 Qd2 27. Qxd2 Rxd2 28. Ra2 Rxa2 29. Bxa2
$17 {[%mdl 4096] Endgame KRB-KRB} Rb2 30. Bc4 Be5 31. g4 a5 (31... Bf4 $142 $1
{[%cal Rf4c1]} 32. Rd1 Bd2) 32. g3 Kg7 33. Kg2 Kg6 34. Kf3 h5 $1 35. gxh5+ Kxh5
36. Ke3 g4 37. Rh1+ Kg5 38. Rh7 (38. Rc1 $17 {was necessary.}) 38... Rc2 (38...
Bxc3 $19 39. Rxf7 Bd4+ 40. Kd3 Rxf2 41. Bxe6 Rxf7 42. Bxf7 Be5) 39. Bb5 (39.
Be2 $17) 39... Rxc3+ $19 40. Ke2 (40. Kd2 {only move.}) 40... Kg6 (40... Rc2+
$19 {has better winning chances.} 41. Ke1 Bc3+ 42. Kf1 Kf6 43. Rh6+ Ke5 44.
Rh5+ Kxe4 45. Rxc5 Rxf2+ $3 {[%mdl 576] Decoy} 46. Kxf2 Bd4+ {[%mdl 64] Double
Attack} 47. Ke2 Bxc5 48. Bc6+ Ke5) 41. Rh4 $17 Kg5 (41... Rc2+ $17 42. Kd1 Rxf2
43. Rxg4+ Kf6) 42. Rh7 $1 $19 f5 $2 (42... Rc2+ $19 {is more deadly.} 43. Ke1
Bc3+ 44. Kf1 Kf6 45. Rh6+ Ke5 46. Rh5+ Kxe4 47. Rxc5 {[#]} Rxf2+ $3 {[%mdl 576]
Decoy} 48. Kxf2 Bd4+ {[%mdl 64] Double Attack} 49. Ke2 Bxc5 50. Bc6+ Ke5) 43.
exf5 $17 exf5 44. Rf7 Rc2+ 45. Kf1 c4 {Hoping for ...Bd4.} 46. Bd7 Bf6 {
Strongly threatening ...c3.} 47. Rf8 {White wants to play Rg8+.} Kg6 (47... c3
$5 {[%cal Rc2c1]} 48. Rg8+ Bg7 49. Rxg7+ Kf6 $15) 48. Be8+ {The position is
equal.} Kg7 49. Rf7+ Kg6 {And now ...Kg5 would win.} 50. Rf8+ Kg7 51. Rf7+ Kg6
{aiming for ...Kg5.} 52. Rf8+ {Black had all chances to win.  Weighted Error
Value: White=0.14/Black=0.21} 1/2-1/2

[Event "23rd ETCC Open 2021"]
[Site "Catez"]
[Date "2021.11.16"]
[Round "5.66"]
[White "Draskovic, Luka"]
[Black "Hillarp Persson, Tiger"]
[Result "1/2-1/2"]
[WhiteElo "2469"]
[BlackElo "2528"]
[Annotator "ChessBase"]
[PlyCount "80"]
[EventDate "2021.11.08"]
[EventType "team-tourn"]
[EventCountry "SLO"]
[SourceTitle "playchess.com"]
[Source "ChessBase"]
[SourceQuality "1"]
[WhiteTeam "Montenegro"]
[BlackTeam "Sweden"]
[WhiteTeamCountry "MNE"]
[BlackTeamCountry "SWE"]
[TimeControl "40/5400+30:1800+30"]

1. e4 c5 2. Nf3 d6 3. d4 cxd4 4. Nxd4 Nf6 5. Nc3 a6 6. Be3 e5 7. Nf3 Be7 8. Bc4
O-O 9. O-O Nc6 10. Bb3 Na5 11. Qe2 h6 12. Rfd1 Nxb3 13. axb3 Qe8 14. h3 Be6 15.
Nh2 Qc6 16. Qf3 Nh7 17. Qg3 Ng5 18. Bxg5 Bxg5 19. Qd3 Rad8 20. Nf3 Be7 21. Rac1
f5 22. exf5 Bxf5 23. Nd5 Qe8 24. Qe3 Rd7 25. Nxe7+ Qxe7 26. Rd2 Rc7 27. c3 Bxh3
28. Nxe5 dxe5 29. Qxh3 Qg5 30. Rcd1 Rcf7 31. Re2 Kh8 32. Qe3 Rf4 33. Rd5 Qg6
34. g3 e4 35. Rd4 Rf3 36. Qxe4 Qf7 37. Rdd2 Qxb3 38. Re3 R3f7 39. f4 Qb6 40.
Kg2 a5 1/2-1/2

[Event "23rd ETCC Open 2021"]
[Site "Catez"]
[Date "2021.11.16"]
[Round "5.67"]
[White "Blomqvist, Erik"]
[Black "Blagojevic, Dragisa"]
[Result "0-1"]
[WhiteElo "2542"]
[BlackElo "2467"]
[Annotator "TA"]
[PlyCount "110"]
[EventDate "2021.11.08"]
[EventType "team-tourn"]
[EventCountry "SLO"]
[SourceTitle "playchess.com"]
[Source "ChessBase"]
[SourceQuality "1"]
[WhiteTeam "Sweden"]
[BlackTeam "Montenegro"]
[WhiteTeamCountry "SWE"]
[BlackTeamCountry "MNE"]

{[%evp 9,110,22,59,21,38,21,33,20,29,33,18,38,32,22,22,17,35,39,47,38,60,61,62,
41,66,54,50,41,40,22,26,9,10,20,11,4,10,9,8,7,28,26,18,18,18,18,21,24,23,3,27,
2,15,0,28,39,29,31,36,8,10,0,0,-32,-46,-165,-150,-161,-31,-38,-29,-46,-35,-305,
-305,-305,-305,-5816,-5633,-29961,-29963,-29963,-29956,-29965,-29958,-2640,
-1696,-29969,-29968,-29976,-29977,-29977,-29977,-29978,-29980,-29980,-29981,
-29981,-29981,-29981,-29982,-29982,-29983]} 1. e4 e5 2. Nf3 Nc6 3. Bb5 a6 4.
Ba4 Bc5 5. c3 Nge7 6. d4 {C70: Ruy Lopez: 3...a6 4 Ba4, Norwegian and Delayed
Schliemann.} exd4 7. cxd4 Bb4+ 8. Bd2 {White is slightly better.} Bxd2+ 9. Qxd2
d5 10. exd5 Qxd5 11. O-O Be6 12. Nc3 Qh5 13. Ne5 O-O 14. Bxc6 Nxc6 15. Nxc6
bxc6 {[#]} 16. Rfe1 $146 ({Predecessor:} 16. Na4 Rad8 17. Qc3 Rd6 18. Rae1 Bd5
19. f4 Qg4 20. Rf2 Re6 21. Nc5 Rxe1+ 22. Qxe1 {1/2-1/2 (51) Bologan,V (2684)
-Tkachiev,V (2639) France 2010}) 16... Rfd8 17. Qf4 Qa5 18. Rad1 Qb4 19. Rd2 c5
{[%cal Rd8d4]} 20. Re4 Rxd4 21. Rexd4 cxd4 22. Qxd4 Qxd4 23. Rxd4 $11 {[%mdl
4096] Endgame KRB-KRN} Kf8 24. Kf1 Rb8 25. b3 c5 26. Ra4 Rb6 27. Ke2 Ke7 28.
Ke3 Rc6 29. Ra5 f5 30. h4 g6 31. Ne2 Kf6 32. Kd2 g5 33. hxg5+ Kxg5 34. Kc3 Bd5
35. g3 Kg4 36. Nf4 Be4 37. Ra4 (37. Nd3 $1 $15 Bxd3 38. Kxd3) 37... Kf3 $19 38.
Nd3 {[#] Strongly threatening Ne5+.} Bxd3 (38... Ke2 $1 $19 39. Ne5 Rd6) 39.
Kxd3 {KR-KR} Rd6+ 40. Kc3 $1 {White wants to play Rf4+.} Kxf2 41. g4 {[%mdl
8192] White does not recover from this.} (41. Rf4+ $15 Kxg3 42. Rxf5) 41...
fxg4 42. Rxg4 h5 43. Rg5 (43. Rh4 Rh6 44. Kc4) 43... Rh6 44. Rxc5 h4 45. Kb4 h3
46. Rc2+ Ke3 47. Rh2 {[#]} Rh5 $1 48. Kc4 Kf3 {Black mates.} 49. b4 Kg3 50. Rh1
h2 51. a4 Kg2 52. Ra1 h1=Q 53. Rxh1 Kxh1 54. b5 Rh4+ 55. Kc5 Rxa4 {Weighted
Error Value: White=0.58/Black=0.07} ({Stronger than} 55... Rh5+ 56. Kb6 $11)
0-1

[Event "23rd ETCC Open 2021"]
[Site "Catez"]
[Date "2021.11.16"]
[Round "5.68"]
[White "Nikcevic, Nebojsa"]
[Black "Johansson, Linus"]
[Result "0-1"]
[WhiteElo "2385"]
[BlackElo "2479"]
[Annotator "ChessBase"]
[PlyCount "60"]
[EventDate "2021.11.08"]
[EventType "team-tourn"]
[EventCountry "SLO"]
[SourceTitle "playchess.com"]
[Source "ChessBase"]
[SourceQuality "1"]
[WhiteTeam "Montenegro"]
[BlackTeam "Sweden"]
[WhiteTeamCountry "MNE"]
[BlackTeamCountry "SWE"]
[TimeControl "40/5400+30:1800+30"]

1. d4 Nf6 2. c4 e6 3. Nf3 b6 4. Nc3 Bb7 5. g3 Bb4 6. Bd2 O-O 7. Bg2 a5 8. O-O
d6 9. Bg5 Bxc3 10. bxc3 Nbd7 11. Ne1 Qc8 12. Qd3 Re8 13. e4 e5 14. f3 h6 15.
Bxf6 Nxf6 16. Nc2 Qd7 17. Ne3 Qa4 18. Rf2 Rad8 19. Re1 Ba6 20. f4 exd4 21. cxd4
b5 22. d5 bxc4 23. Qd4 Qb4 24. Nc2 Qb6 25. Rd2 Rb8 26. Qxb6 Rxb6 27. Re3 Rb2
28. Ra3 Rb1+ 29. Kf2 Nxe4+ 30. Bxe4 Rxe4 0-1

[Event "23rd ETCC Open 2021"]
[Site "Catez"]
[Date "2021.11.16"]
[Round "5.69"]
[White "Gretarsson, Hjorvar Steinn"]
[Black "Toczek, Grzegorz"]
[Result "1-0"]
[WhiteElo "2574"]
[BlackElo "2296"]
[Annotator "ChessBase"]
[PlyCount "85"]
[EventDate "2021.11.08"]
[EventType "team-tourn"]
[EventCountry "SLO"]
[SourceTitle "playchess.com"]
[Source "ChessBase"]
[SourceQuality "1"]
[WhiteTeam "Iceland"]
[BlackTeam "Wales"]
[WhiteTeamCountry "ISL"]
[BlackTeamCountry "WLS"]
[TimeControl "40/5400+30:1800+30"]

1. d4 Nf6 2. c4 c5 3. d5 e6 4. Nc3 exd5 5. cxd5 d6 6. e4 g6 7. f4 Bg7 8. Bb5+
Nfd7 9. a4 Qh4+ 10. g3 Qd8 11. Nf3 O-O 12. O-O Nf6 13. Kg2 a6 14. Bc4 Bg4 15.
h3 Bxf3+ 16. Qxf3 Nbd7 17. Bd2 Ne8 18. h4 h5 19. Rae1 Rb8 20. Qd3 Qc7 21. Rf3
Rd8 22. Nd1 Rb8 23. Bc3 Bxc3 24. Nxc3 Nb6 25. e5 Nxc4 26. Qxc4 b5 27. axb5 axb5
28. Qd3 c4 29. Qd2 Rb6 30. Ne4 dxe5 31. d6 Rxd6 32. Nxd6 Qxd6 33. Qxd6 Nxd6 34.
Rxe5 Rb8 35. Rc5 b4 36. Rc6 c3 37. Rxd6 c2 38. Rc6 b3 39. Rfc3 Kg7 40. Kf2 Rb7
41. Ke2 Re7+ 42. Kd2 Rd7+ 43. Rd3 1-0

[Event "23rd ETCC Open 2021"]
[Site "Catez"]
[Date "2021.11.16"]
[Round "5.70"]
[White "Garcia, Jason"]
[Black "Stefansson, Hannes"]
[Result "0-1"]
[WhiteElo "2028"]
[BlackElo "2519"]
[Annotator "ChessBase"]
[PlyCount "78"]
[EventDate "2021.11.08"]
[EventType "team-tourn"]
[EventCountry "SLO"]
[SourceTitle "playchess.com"]
[Source "ChessBase"]
[SourceQuality "1"]
[WhiteTeam "Wales"]
[BlackTeam "Iceland"]
[WhiteTeamCountry "WLS"]
[BlackTeamCountry "ISL"]
[TimeControl "40/5400+30:1800+30"]

1. Nf3 d5 2. g3 c6 3. Bg2 Nf6 4. O-O Bf5 5. b3 e6 6. c4 Be7 7. Bb2 O-O 8. d3 h6
9. Nbd2 Bh7 10. a3 a5 11. Qb1 c5 12. cxd5 exd5 13. Ne5 Re8 14. Qc2 Bd6 15. Ndf3
Na6 16. Rfe1 Qc7 17. Qd2 b5 18. d4 Ne4 19. Qc1 f6 20. Ng4 c4 21. bxc4 dxc4 22.
Nd2 Rac8 23. Nxe4 Bxe4 24. Bxe4 Rxe4 25. f3 Rxg4 26. fxg4 c3 27. Rb1 cxb2 28.
Qxb2 Rb8 29. Rbc1 Qd7 30. Qc3 Bc7 31. Qc6 Qxd4+ 32. e3 Qa7 33. Qe6+ Kf8 34. Rc6
Nc5 35. Qf5 Be5 36. Rc1 Nd7 37. Kf2 Nb6 38. R1c5 Qd7 39. Rxb6 Qxf5+ 0-1

[Event "23rd ETCC Open 2021"]
[Site "Catez"]
[Date "2021.11.16"]
[Round "5.71"]
[White "Gretarsson, Helgi Ass"]
[Black "Davis, Lee"]
[Result "1-0"]
[WhiteElo "2476"]
[BlackElo "1972"]
[Annotator "ChessBase"]
[PlyCount "61"]
[EventDate "2021.11.08"]
[EventType "team-tourn"]
[EventCountry "SLO"]
[SourceTitle "playchess.com"]
[Source "ChessBase"]
[SourceQuality "1"]
[WhiteTeam "Iceland"]
[BlackTeam "Wales"]
[WhiteTeamCountry "ISL"]
[BlackTeamCountry "WLS"]
[TimeControl "40/5400+30:1800+30"]

1. d4 Nf6 2. c4 g6 3. Nc3 Bg7 4. e4 d6 5. f3 O-O 6. Nge2 c5 7. d5 e6 8. Ng3
exd5 9. cxd5 Re8 10. Be2 Na6 11. O-O Nc7 12. a4 b6 13. Bf4 a6 14. Qd2 Rb8 15.
Rfb1 b5 16. axb5 Nxb5 17. Bxb5 axb5 18. b4 cxb4 19. Rxb4 Nd7 20. Rab1 Ne5 21.
Nxb5 Ba6 22. Kh1 Qd7 23. Bxe5 Bxe5 24. Nd4 Rxb4 25. Rxb4 Ra8 26. f4 Bc4 27. Nc2
Qa7 28. h3 Bxf4 29. Qxf4 Qa2 30. Ne3 Bd3 31. Rb7 1-0

[Event "23rd ETCC Open 2021"]
[Site "Catez"]
[Date "2021.11.16"]
[Round "5.72"]
[White "Weatherlake, John P"]
[Black "Kjartansson, Gudmundur"]
[Result "0-1"]
[WhiteElo "1890"]
[BlackElo "2443"]
[Annotator "NA"]
[PlyCount "57"]
[EventDate "2021.11.08"]
[EventType "team-tourn"]
[EventCountry "SLO"]
[SourceTitle "playchess.com"]
[Source "ChessBase"]
[SourceQuality "1"]
[WhiteTeam "Wales"]
[BlackTeam "Iceland"]
[WhiteTeamCountry "WLS"]
[BlackTeamCountry "ISL"]
[TimeControl "40/5400+30:1800+30"]

1. e4 c5 2. Nf3 Nc6 3. d4 cxd4 4. Nxd4 e6 5. Nc3 Qc7 6. Be3 a6 7. f4 Bb4 8. Qd3
Nf6 9. Bd2 Bxc3 10. bxc3 d5 11. e5 Ne4 12. c4 Nxd2 13. cxd5 Nb4 14. Qxd2 Nxd5
15. c4 Ne7 16. Be2 O-O 17. Qe3 Bd7 18. a4 Rac8 19. O-O Rfd8 20. Qf2 Qa5 21.
Rfb1 Rb8 22. Nf3 Be8 23. Qb6 Nc6 24. Rb3 Rbc8 25. Ng5 Qd2 26. Qf2 Nd4 27. Re3
Nc2 28. Rh3 Nxa1 29. Qh4 0-1

[Event "23rd ETCC Open 2021"]
[Site "Catez"]
[Date "2021.11.16"]
[Round "5.73"]
[White "Bremner, Adam"]
[Black "Kanyamarala, Tarun"]
[Result "0-1"]
[WhiteElo "2204"]
[BlackElo "2321"]
[Annotator "NA"]
[PlyCount "126"]
[EventDate "2021.11.08"]
[EventType "team-tourn"]
[EventCountry "SLO"]
[SourceTitle "playchess.com"]
[Source "ChessBase"]
[SourceQuality "1"]
[WhiteTeam "Scotland"]
[BlackTeam "Ireland"]
[WhiteTeamCountry "SCO"]
[BlackTeamCountry "IRL"]
[TimeControl "40/5400+30:1800+30"]

1. e4 c5 2. Nf3 Nc6 3. d4 cxd4 4. Nxd4 Nf6 5. Nc3 d6 6. Be2 g6 7. Be3 Bg7 8.
O-O O-O 9. Qd2 Bd7 10. Rfd1 a6 11. a4 Rc8 12. Nb3 Ne5 13. f3 Be6 14. Nd4 Bd7
15. a5 Qc7 16. Na4 Bxa4 17. Rxa4 d5 18. exd5 Nxd5 19. Bf2 Rfd8 20. c3 Qd7 21.
Raa1 Qe8 22. Qe1 Nc4 23. Bxc4 Rxc4 24. Nc2 Rcc8 25. Qe4 Qb5 26. Rab1 Qxa5 27.
c4 Qa4 28. Rxd5 Rxd5 29. b3 Qc6 30. Nb4 Re5 31. Nxc6 Rxe4 32. Na7 Rexc4 33.
bxc4 Rxc4 34. Be3 b5 35. Nxb5 axb5 36. Rxb5 f5 37. Rb7 Bf6 38. Rb1 Rc2 39. Rd1
Be5 40. Re1 Kf7 41. Rd1 Re2 42. Bc5 Rc2 43. Be3 Bd6 44. f4 Re2 45. Bd2 Bc5+ 46.
Kh1 Rf2 47. g3 h6 48. Bc3 Bd6 49. Bd2 Ke6 50. Be3 Re2 51. Bd2 Kd5 52. Bc3+ Ke4
53. Bd4 Kf3 54. Kg1 Rg2+ 55. Kh1 Rc2 56. Kg1 Kg4 57. Re1 g5 58. fxg5 hxg5 59.
Re6 f4 60. gxf4 gxf4 61. Bf2 Kf3 62. Bh4 Bc5+ 63. Kf1 Rxh2 0-1

[Event "23rd ETCC Open 2021"]
[Site "Catez"]
[Date "2021.11.16"]
[Round "5.74"]
[White "Jessel, Stephen"]
[Black "Muir, Andrew J"]
[Result "1/2-1/2"]
[WhiteElo "2297"]
[BlackElo "2254"]
[Annotator "ChessBase"]
[PlyCount "183"]
[EventDate "2021.11.08"]
[EventType "team-tourn"]
[EventCountry "SLO"]
[SourceTitle "playchess.com"]
[Source "ChessBase"]
[SourceQuality "1"]
[WhiteTeam "Ireland"]
[BlackTeam "Scotland"]
[WhiteTeamCountry "IRL"]
[BlackTeamCountry "SCO"]
[TimeControl "40/5400+30:1800+30"]

1. Nf3 d5 2. c4 e6 3. g3 Nf6 4. Bg2 dxc4 5. Qc2 c5 6. Ne5 Nbd7 7. Nxc4 Nd5 8.
Nc3 N7f6 9. O-O Be7 10. a3 O-O 11. e4 Nc7 12. d3 b5 13. Na5 Bd7 14. Be3 Ng4 15.
Bd2 Na6 16. Ne2 Rc8 17. h3 Ne5 18. f4 Nc6 19. Nxc6 Bxc6 20. Be3 Qd7 21. Rfd1 b4
22. a4 b3 23. Qxb3 Rb8 24. Qc4 Rxb2 25. d4 Qb7 26. d5 Bd7 27. e5 exd5 28. Bxd5
Bc6 29. Nc3 Nb4 30. Bxc6 Qxc6 31. Nd5 Nxd5 32. Qxd5 Qg6 33. Qf3 Rfb8 34. f5 Qb6
35. Rd7 Bf8 36. e6 fxe6 37. f6 Rb1+ 38. Rxb1 Qxb1+ 39. Kg2 Qb2+ 40. Bf2 Qxf6
41. Rxa7 c4 42. Qxf6 gxf6 43. Rc7 Rb4 44. Rc8 Rb2 45. Rxc4 Bb4 46. Rc8+ Bf8 47.
Rc6 Ra2 48. Rxe6 Bc5 49. Rxf6 Bxf2 50. Rxf2 Rxa4 51. Rf4 Ra3 52. Rg4+ Kh8 53.
h4 h6 54. Rg6 Kh7 55. Re6 h5 56. Kf2 Rb3 57. Re3 Rb4 58. Kf3 Kg6 59. Re6+ Kg7
60. Re4 Rb3+ 61. Kf4 Kg6 62. Re6+ Kg7 63. Re3 Rb6 64. Kf5 Rb5+ 65. Re5 Rb3 66.
Kf4 Kg6 67. Re6+ Kg7 68. Re3 Rb6 69. Re5 Kg6 70. Rg5+ Kh6 71. Rg8 Rf6+ 72. Ke4
Rf1 73. Rh8+ Kg6 74. Rg8+ Kh6 75. Rg5 Ra1 76. Rd5 Ra3 77. Rd6+ Kg7 78. Kf4 Ra4+
79. Kf5 Ra5+ 80. Ke4 Ra3 81. Rd3 Ra5 82. Re3 Kg6 83. Kf4 Ra4+ 84. Re4 Ra3 85.
Re6+ Kg7 86. Re5 Kg6 87. Rg5+ Kh6 88. Kf5 Ra5+ 89. Kf6 Ra6+ 90. Kf5 Ra5+ 91.
Kf6 Ra6+ 92. Ke5 1/2-1/2

[Event "23rd ETCC Open 2021"]
[Site "Catez"]
[Date "2021.11.16"]
[Round "5.75"]
[White "Morrison, Graham"]
[Black "Nemeth, Zalan"]
[Result "1/2-1/2"]
[WhiteElo "2251"]
[BlackElo "2163"]
[Annotator "NA"]
[PlyCount "61"]
[EventDate "2021.11.08"]
[EventType "team-tourn"]
[EventCountry "SLO"]
[SourceTitle "playchess.com"]
[Source "ChessBase"]
[SourceQuality "1"]
[WhiteTeam "Scotland"]
[BlackTeam "Ireland"]
[WhiteTeamCountry "SCO"]
[BlackTeamCountry "IRL"]
[TimeControl "40/5400+30:1800+30"]

1. d4 Nf6 2. c4 c5 3. d5 b5 4. cxb5 a6 5. b6 Qxb6 6. Nc3 d6 7. Nf3 g6 8. e4 Bg7
9. Be2 O-O 10. Nd2 Nbd7 11. a4 Rb8 12. O-O Qd8 13. Nc4 Ne8 14. Qc2 Nb6 15. Bg5
f5 16. f3 Bd4+ 17. Kh1 Nxc4 18. Bxc4 Nf6 19. Rab1 fxe4 20. Nxe4 Nxe4 21. fxe4
Rxf1+ 22. Bxf1 Qf8 23. Bc4 h6 24. Bh4 Qf4 25. Bg3 Qg5 26. b3 h5 27. Rf1 h4 28.
Bf4 Qh5 29. Be2 Bg4 30. Bxg4 Qxg4 31. h3 1/2-1/2

[Event "23rd ETCC Open 2021"]
[Site "Catez"]
[Date "2021.11.16"]
[Round "5.76"]
[White "Kanyamarala, Trisha"]
[Black "Gordon, Frederick"]
[Result "0-1"]
[WhiteElo "2089"]
[BlackElo "1739"]
[Annotator "ChessBase"]
[PlyCount "150"]
[EventDate "2021.11.08"]
[EventType "team-tourn"]
[EventCountry "SLO"]
[SourceTitle "playchess.com"]
[Source "ChessBase"]
[SourceQuality "1"]
[WhiteTeam "Ireland"]
[BlackTeam "Scotland"]
[WhiteTeamCountry "IRL"]
[BlackTeamCountry "SCO"]
[TimeControl "40/5400+30:1800+30"]

1. d4 d5 2. c4 e6 3. Nc3 Nf6 4. cxd5 exd5 5. Bg5 c6 6. e3 Be7 7. Bd3 Nbd7 8. h3
h6 9. Bf4 Nb6 10. Nf3 Be6 11. Qe2 Bd6 12. Ne5 Qc7 13. Bg3 a6 14. O-O O-O 15. f4
Rfe8 16. Rfe1 Rad8 17. Rac1 Ne4 18. Nxe4 dxe4 19. Bxe4 f6 20. Nf3 Bxa2 21. Bg6
Bf7 22. Bb1 Bb4 23. Rf1 Nd5 24. e4 Nxf4 25. Qe3 Ne2+ 26. Qxe2 Qxg3 27. e5 fxe5
28. dxe5 Qf4 29. Qc2 g6 30. Kh1 Bf8 31. Nh2 Qd2 32. Qe4 Bg7 33. Qf3 Bd5 34. Qg4
Qg5 35. Qxg5 hxg5 36. Ng4 Re6 37. Rcd1 Rf8 38. Rxf8+ Kxf8 39. Re1 a5 40. Kg1 b5
41. Kf2 a4 42. Bc2 Ke7 43. g3 c5 44. h4 gxh4 45. gxh4 Ra6 46. Ne3 Bf7 47. h5
gxh5 48. Nf5+ Kf8 49. Kf3 b4 50. Kf4 c4 51. Rd1 Be8 52. Rd8 Re6 53. Bxa4 Bxe5+
54. Kf3 Bxb2 55. Bd7 Re5 56. Kf4 Re1 57. Rc8 c3 58. Nd4 Kf7 59. Bf5 Bc1+ 60.
Kf3 Re3+ 61. Kg2 Re5 62. Bd3 Be3 63. Nc2 Bc5 64. Kg3 b3 65. Bc4+ Kf6 66. Bxb3
Kg5 67. Rd8 h4+ 68. Kh3 Bg6 69. Rg8 Rf5 70. Ne1 Kf6 71. Bc2 Rg5 72. Nf3 Bf5+
73. Bxf5 Rxg8 74. Nxh4 Rh8 75. Bc2 Bf2 0-1